01024cam a2200253 450000100060000000300080000600500170001400800390003103500190007004000230008904100080011208200250012010000230014524501300016825000140029826000520031230000540036450400300041852001920044860000360064060000360067665000420071265000160075423951BD-RjUL20211209001006.0140312s19711968nyuabchj b 000 0beng a(BD-RjUL)24016 aDLCcDLCdDLCbeng aeng00a973.410924bFLF 19711 aFleming, Thomas J.10aFirst in their hearts :ba biography of George Washington /c[by] Thomas J. Fleming. Illustrated with photos. and engravings. a[1st ed.] aNew York :bW. W. Norton,cC1968 [Edition 1971] a136 p. :billus., facsims., map, ports. ;c24 cm. aBibliography: p. 132-133. aA biography of the surveyor, militia major, and aide to the British General Braddock, who became leader of the American forces during the Revolution and first President of the new nation.10aWashington, George,d1732-1799.11aWashington, George,d1732-1799. 0aPresidentszUnited StatesxBiography. 1aPresidents.